Normal view
MARC view
- العسقلاني، أحمد بن علي بن حجر؛ مراجعة وتقديم محمد عوض؛ تعليق محمد الصباغ
Entry Personal Name
001 - CONTROL NUMBER
- control field: 45505
003 - CONTROL NUMBER IDENTIFIER
- control field: JO-AjAnu
005 - DATE AND TIME OF LATEST TRANSACTION
- control field: 20230606081527.0
008 - FIXED-LENGTH DATA ELEMENTS
- fixed length control field: 230606|| aca||aabn | a|a d
040 ## - CATALOGING SOURCE
- Original cataloging agency: JO-AjAnu
- Transcribing agency: JO-AjAnu
100 ## - HEADING--PERSONAL NAME
- Personal name: العسقلاني، أحمد بن علي بن حجر؛ مراجعة وتقديم محمد عوض؛ تعليق محمد الصباغ
670 ## - SOURCE DATA FOUND
- Source citation: Work cat.: (JO-AjAnu)23299: العسقلاني، أحمد بن علي بن حجر؛ مراجعة وتقديم محمد عوض؛ تعليق محمد الصباغ, author, شرح نخبة الفكر في مصطلح أهل الأثر